[Event "TCh-BUL"]
[Site "Pamporovo BUL"]
[Date "2001.10.03"]
[Round "1"]
[White "Kirov,N"]
[Black "Panajotov,J"]
[Result "1/2-1/2"]
[WhiteElo "2422"]
[BlackElo "2306"]

1.Nf3 Nf6 2.g3 b6 3.Bg2 Bb7 4.O-O c5 5.c4 g6 6.Nc3 Bg7 7.d4 cxd4 8.Qxd4 O-O
9.Qh4 d6 10.Bh6 Nbd7 11.Rac1 Rc8 12.b3 Rc5 13.Bxg7 Kxg7 14.Rfd1 Qa8 15.Qd4 Rfc8
16.Ne1 Bxg2 17.Nxg2 Kg8 18.Ne3 Re8 19.b4 Rcc8 20.Ncd5 Qb7 21.Rc3 a6 22.Rdc1 Nxd5
23.cxd5 b5 24.h4 h5 25.g4 Nf6 26.gxh5 Nxh5 27.Ng4 Kh7 28.Kh2 Rxc3 29.Rxc3 Rc8
30.Rf3 f5 31.Ne3 Qd7 32.Qd3 f4 33.Ng2 Rc4 34.Qd2 Qf5 35.a3 Qe4 36.Rd3 Qe5
37.Kg1 Re4 38.Kf1 Rc4 39.Ne1 Qf5 40.Nf3 Qh3+ 41.Kg1 Qg4+ 42.Kh2 Nf6 43.Rd4 Qf5
44.Rxc4 bxc4 45.Qd4 Qxd5 46.Qa7 Ng8 47.Qxa6 c3 48.Qc8 Qb3 49.b5 Qxb5 50.Qxc3 Nf6
51.Qd3 Qc6 52.Qd4 e5 53.Qa7+ Kh6  1/2-1/2

[Event "TCh-BUL"]
[Site "Pamporovo BUL"]
[Date "2001.10.04"]
[Round "2"]
[White "Bochev,K"]
[Black "Angelov,A"]
[Result "0-1"]
[WhiteElo "2207"]
[BlackElo "2200"]

1.Nf3 c5 2.c4 Nf6 3.g3 b6 4.Bg2 Bb7 5.O-O g6 6.Nc3 Bg7 7.d4 cxd4 8.Qxd4 O-O
9.Be3 Ne4 10.Qd3 Nxc3 11.bxc3 Na6 12.Bd4 Nc5 13.Qe3 d6 14.h4 Rc8 15.Bxg7 Kxg7
16.h5 Bxf3 17.Bxf3 Nd7 18.Kg2 Rxc4 19.Rh1 e6 20.hxg6 hxg6 21.Be4 d5 22.Qh6+ Kf6
23.Qh4+ g5 24.Qh6+ Ke5 25.Bd3 Rxc3 26.f4+ Kd6 27.fxg5 Rg8 28.g6 fxg6 29.Qf4+ e5
30.Qb4+ Rc5 31.Rh7 a5 32.Qb3 Rf8 33.Rg7 Rg8 34.Rf7 Ke6 35.Raf1 Rf8 36.Bxg6 Rxf7
37.Bxf7+ Kd6 38.Rd1 Nf6 39.e4 d4 40.Qe6+ Kc7 41.Rf1 Nxe4 42.Bg6 Ng5 43.Qg4 Qd5+
44.Kg1 e4 45.Bf5 Nf3+ 46.Rxf3 exf3 47.Qg7+ Kc6 48.Qg6+ Qd6 49.Qe8+ Kb7 50.Be4+ Ka7
51.Qf7+  0-1

[Event "TCh-BEL 2001-2"]
[Site "Belgium BEL"]
[Date "2001.10.14"]
[Round "1"]
[White "Dgebuadze,A"]
[Black "Chuchelov,V"]
[Result "0-1"]
[WhiteElo "2540"]
[BlackElo "2607"]

1.Nf3 Nf6 2.c4 b6 3.g3 c5 4.Bg2 Bb7 5.O-O g6 6.d3 Bg7 7.e4 O-O 8.Nc3 d6 9.Nh4 Nc6
10.f4 e6 11.f5 Nd7 12.Kh1 Nde5 13.Be3 Re8 14.Qd2 Nd4 15.fxe6 fxe6 16.Ne2 Nxe2
17.Qxe2 Qe7 18.Nf3 Nf7 19.Rae1 Rf8 20.Qd2 Qd7 21.Bf4 Rad8 22.h4 Ne5 23.Bg5 Rde8
24.Nxe5 Bxe5 25.Kh2 Rxf1 26.Rxf1 Rf8 27.Rxf8+ Kxf8 28.Bh6+ Kg8  0-1

[Event "Lasker Autumn GM"]
[Site "Bucharest ROM"]
[Date "2001.10.19"]
[Round "7"]
[White "Ionescu,Co"]
[Black "Parligras,M"]
[Result "1/2-1/2"]
[WhiteElo "2481"]
[BlackElo "2431"]

1.Nf3 Nf6 2.c4 c5 3.g3 b6 4.Bg2 Bb7 5.O-O g6 6.b3 Bg7 7.Bb2 O-O 8.Nc3 d6
9.d4 cxd4 10.Qxd4 Nbd7  1/2-1/2

[Event "YM"]
[Site "Zug SUI"]
[Date "2001.10.19"]
[Round "11"]
[White "Lopez Martinez,J"]
[Black "De Vreugt,D"]
[Result "1/2-1/2"]
[WhiteElo "2474"]
[BlackElo "2437"]

1.c4 Nf6 2.Nf3 c5 3.g3 b6 4.Bg2 Bb7 5.O-O g6 6.Nc3 Bg7 7.d4 cxd4 8.Qxd4 d6
9.Rd1 Nbd7 10.Be3 Rb8 11.Rac1 O-O 12.Qh4  1/2-1/2

[Event "ch-ITA"]
[Site "Montecatini Terme ITA"]
[Date "2001.11.24"]
[Round "4"]
[White "Vismara,D"]
[Black "Lanzani,M"]
[Result "1-0"]
[WhiteElo "2365"]
[BlackElo "2378"]

1.Nf3 Nf6 2.c4 b6 3.g3 c5 4.Bg2 Bb7 5.O-O g6 6.Nc3 Bg7 7.d4 cxd4 8.Qxd4 O-O
9.Qh4 d6 10.Be3 Nbd7 11.Rac1 Rc8 12.b3 a6 13.Rfd1 Re8 14.g4 h6 15.Bxh6 Bxh6
16.Qxh6 Nxg4 17.Qh4 Ngf6 18.Qh6 Bxf3 19.Bxf3 Rc5 20.Rd4 Ne5 21.Nd5 Nxf3+
22.exf3 Nh5 23.Rh4  1-0

[Event "TCh-CZE 2001-2"]
[Site "CZE"]
[Date "2001.12.16"]
[Round "5"]
[White "Hasangatin,R"]
[Black "Stohl,I"]
[Result "1/2-1/2"]
[WhiteElo "2480"]
[BlackElo "2539"]

1.Nf3 Nf6 2.c4 b6 3.g3 Bb7 4.Bg2 c5 5.O-O g6 6.d3 Bg7 7.e4 O-O 8.Nc3 Nc6
9.Qe2 Ne8 10.Bd2 Nc7 11.Rab1 Ne6 12.Ne1 Ned4 13.Qd1 a6 14.Ne2 Nxe2+  1/2-1/2

[Event "TCh-BEL 2001-2"]
[Site "Belgium BEL"]
[Date "2001.12.23"]
[Round "5"]
[White "Schebler,G"]
[Black "Chuchelov,V"]
[Result "1/2-1/2"]
[WhiteElo "2476"]
[BlackElo "2607"]

1.Nf3 c5 2.c4 Nf6 3.g3 b6 4.Bg2 Bb7 5.O-O g6 6.Nc3 Bg7 7.d4 cxd4 8.Qxd4 d6
9.Rd1 Nbd7 10.Qf4 Rc8 11.Nd5 O-O 12.Qh4 Nxd5 13.cxd5 Nf6 14.e4 Qd7 15.Nd4 Qg4
16.Qxg4 Nxg4 17.b3 Bxd4 18.Rxd4 Rc2 19.h3 Rfc8 20.Bd2 Ne5 21.Be3 R8c7 22.Rdd1 f5
23.Bf4 Nd7 24.g4 fxe4 25.Bxe4 R2c3 26.Bg2 Nf6 27.Be3 Kf7 28.Rd4 Rc8 29.Rad1 b5
30.Rb4 a6 31.a4 Ra8 32.g5 Nh5 33.Rc1 Rxc1+ 34.Bxc1 Rc8 35.Be3 Rc3 36.axb5 a5
37.Ra4 Rxb3 38.Rxa5 Ng7 39.b6 Nf5 40.Ra7 Nxe3 41.Rxb7 Nc4 42.Rc7 Nxb6 43.Rb7 Rb2
44.f4 Nc4 45.Rxb2 Nxb2 46.Kf2 Nc4 47.Ke2 Nb6  1/2-1/2

[Event "19th Cairnhill Open"]
[Site "Singapore SIN"]
[Date "2001.12.27"]
[Round "3"]
[White "Kek Wei Chuan"]
[Black "Koh Kum Hong"]
[Result "0-1"]
[WhiteElo "2119"]
[BlackElo "2258"]

1.Nf3 Nf6 2.g3 b6 3.Bg2 Bb7 4.c4 c5 5.O-O g6 6.Nc3 Bg7 7.a3 O-O 8.Rb1 Qc8
9.d3 d5 10.Nd2 dxc4 11.Bxb7 Qxb7 12.Nxc4 Nc6 13.Bg5 Rfd8 14.Qc1 Nd4 15.Be3 Nf5
16.Ne5 Rac8 17.Bg5 Nd4 18.Bxf6 Bxf6 19.Ng4 Bg7 20.Qf4 c4 21.Qe4 Qd7 22.Ne3 cxd3
23.Qxd3 Nf3+ 24.Kg2 Qxd3 25.exd3 Nd2 26.Ncd5 Bf8 27.Rbd1 Nxf1 28.Kxf1 e6
29.Nf6+ Kg7 30.Nfg4 Bc5  0-1

[Event "ch-AUS"]
[Site "Melbourne AUS"]
[Date "2001.12.28"]
[Round "1"]
[White "Lloyd,A"]
[Black "Sandler,L"]
[Result "1/2-1/2"]
[WhiteElo "2205"]
[BlackElo "2404"]

1.Nf3 c5 2.c4 Nf6 3.g3 b6 4.Bg2 Bb7 5.O-O g6 6.b3 Bg7 7.Bb2 O-O 8.e3 d6 9.Nc3 Nbd7
10.d4 a6 11.a4 cxd4 12.Nxd4 Bxg2 13.Kxg2 Qc7 14.Kg1 e6 15.Rc1 Rfd8 16.Rc2 Rac8
17.Qf3 Nc5 18.g4 Nd3 19.g5 Nd7 20.Ba3 N3c5 21.b4 Nd3 22.Qe4 N3e5 23.f4 Nxc4
24.Nxe6 fxe6 25.Qxe6+ Kh8 26.Nd5 Nf8 27.Qe4 Qc6 28.Qd3 b5 29.Ne7 Qd7 30.Nxc8 Rxc8
31.axb5 axb5 32.Bc1 Ne6 33.h4 Rf8 34.Rh2 Nc7 35.e4 Na6 36.h5 gxh5 37.f5 Qa7+
38.Kh1 Qd4 39.Qe2 d5 40.f6 Qxe4+ 41.Qxe4 dxe4 42.fxg7+ Kxg7 43.Rxf8 Kxf8
44.Re2 Nxb4 45.Rxe4 Nd3 46.Be3 Kf7 47.Kg2 Kg6 48.Re8 b4 49.Kf3 b3 50.Rb8 b2
51.Bd4 b1=Q 52.Rxb1 Nd2+ 53.Ke2 Nxb1 54.Kxd3 Kxg5 55.Ke2 Kg4 56.Kf2 Kh3 57.Kg1 Nd2
58.Kh1 h4 59.Bf2 Kg4 60.Kg1 Nf3+ 61.Kh1 h3 62.Bg1 h5 63.Bh2 Ng5 64.Bg1 Kg3
65.Bb6 Nf3 66.Bf2+ Kxf2  1/2-1/2

[Event "Open"]
[Site "Trinec CZE"]
[Date "2001.12.28"]
[Round "3"]
[White "Trombik,K"]
[Black "Ostrowski,L"]
[Result "0-1"]
[WhiteElo "2231"]
[BlackElo "2364"]

1.Nf3 Nf6 2.g3 b6 3.Bg2 Bb7 4.O-O c5 5.c4 g6 6.b3 Bg7 7.Bb2 O-O 8.d3 d6 9.Nbd2 Nc6
10.Rc1 e5 11.Qc2 Nd4 12.Nxd4 Bxg2 13.Ne6 fxe6 14.Kxg2 Ng4 15.Nf3 Bh6 16.Rce1 Qd7
17.Bc1 Bg7 18.h3 Nh6 19.e4 Nf7 20.Be3 Nd8 21.Qc1 Nc6 22.Nh2 d5 23.exd5 exd5
24.Bh6 Nb4 25.Rd1 Nxa2 26.Qd2 Bxh6 27.Qxh6 Nc3 28.Rde1 Rae8 29.Ng4 e4 30.cxd5 exd3
31.Rxe8 Qxe8 32.Qd2 Qe4+ 33.f3 Qd4 34.d6 Ne2 35.Nf2 Qxd6 36.Ne4 Qe5 37.Qxd3 Qxg3+  0-1

[Event "XXVII Open"]
[Site "Seville ESP"]
[Date "2002.01.15"]
[Round "5"]
[White "Cifuentes Parada,R"]
[Black "Estremera Panos,S"]
[Result "1-0"]
[WhiteElo "2521"]
[BlackElo "2385"]

1.Nf3 Nf6 2.g3 b6 3.Bg2 Bb7 4.O-O c5 5.c4 g6 6.b3 Bg7 7.Bb2 O-O 8.Nc3 Na6
9.d4 e6 10.e3 d5 11.Ne5 Qe7 12.cxd5 exd5 13.Rc1 Ne4 14.Nf3 Rfd8 15.a3 Nc7
16.dxc5 bxc5 17.Qc2 Rab8 18.Rfd1 Nxc3 19.Bxc3 Bxc3 20.Qxc3 Ne6 21.b4 d4 22.exd4 Bxf3
23.Bxf3 Nxd4 24.Re1 Qf6 25.Bg2 cxb4 26.axb4 Qb6 27.Rb1 a5 28.b5 Nxb5 29.Qe5 Rd2
30.Re3 a4 31.Bf1  1-0

[Event "Torneo A"]
[Site "Montecatini Terme ITA"]
[Date "2002.01.27"]
[Round "2"]
[White "Sarno,S"]
[Black "Scalcione,M"]
[Result "0-1"]
[WhiteElo "2395"]
[BlackElo "2329"]

1.Nf3 Nf6 2.g3 b6 3.Bg2 Bb7 4.O-O c5 5.c4 g6 6.b3 Bg7 7.Bb2 O-O 8.d4 cxd4
9.Qxd4 Nc6 10.Qh4 h6 11.Nc3 g5 12.Nxg5 hxg5 13.Qxg5 Nh7 14.Qh5 f5 15.Rad1 e6
16.Rd2 Qe7 17.Rfd1 Rad8 18.Nb5 Bxb2 19.Rxb2 Qg7 20.Rbd2 Nf6 21.Qh4 a6 22.Nc3 Rb8
23.Na4 Ne5 24.f3 Bc6 25.Qd4 Nxc4 26.Qxc4 b5 27.Qd4 bxa4 28.bxa4 Nd5 29.f4 Rb4
30.Qxg7+ Kxg7 31.Rd4 Rb2 32.R1d2 Rfb8 33.e4 Ne3 34.Bf3 Rxd2 35.Rxd2 fxe4
36.Be2 Rb1+ 37.Kf2 Nd5  0-1

[Event "XVIII Open"]
[Site "Cappelle la Grande FRA"]
[Date "2002.02.09"]
[Round "1"]
[White "Mohandesi,S"]
[Black "Jaracz,P"]
[Result "1/2-1/2"]
[WhiteElo "2324"]
[BlackElo "2513"]

1.Nf3 Nf6 2.c4 b6 3.g3 c5 4.Bg2 Bb7 5.O-O g6 6.Nc3 Bg7 7.d4 cxd4 8.Qxd4 d6
9.Qh4 h6 10.Ne1 Bxg2 11.Nxg2 Nbd7 12.Ne3 Rc8 13.Bd2 Ne5 14.b3 Qd7 15.Ncd5 Nh7
16.Qe4 e6 17.Nc3 O-O 18.Rac1 f5 19.Qb1 g5 20.Ng2 a6 21.f4 gxf4 22.gxf4 Ng4
23.Qd3 Kh8 24.h3 Ngf6 25.Nh4 Rfe8 26.Kh2 Nf8 27.Rg1 Qf7 28.Qf3 N8d7 29.Ng6+ Kh7
30.e4 fxe4 31.Nxe4 Nxe4 32.Qxe4 Nc5 33.Qc2 Qf5 34.Qxf5 exf5 35.Nh4 Re2+ 36.Rg2 Rce8
37.Rd1 Rxg2+ 38.Kxg2 Re2+ 39.Kf3 Rh2 40.Nxf5 Rxh3+ 41.Ke2 Ne4 42.Be1 Bf8
43.Rd4 Nc5  1/2-1/2

[Event "Mediteran Cup IM"]
[Site "Rijeka CRO"]
[Date "2002.03.10"]
[Round "2"]
[White "Vukic,M"]
[Black "Bistric,F"]
[Result "1/2-1/2"]
[WhiteElo "2500"]
[BlackElo "2486"]

1.Nf3 Nf6 2.c4 b6 3.g3 c5 4.Bg2 Bb7 5.O-O g6 6.b3 Bg7 7.Bb2 O-O 8.Nc3 d6
9.e3 e5 10.d4 Qe7 11.d5 Nbd7 12.e4 Ne8 13.Bh3 Nc7 14.Qc2 Rab8  1/2-1/2

[Event "TCh-ISR"]
[Site "ISR"]
[Date "2002.03.15"]
[Round "7"]
[White "Zifroni,D"]
[Black "Psakhis,L"]
[Result "1/2-1/2"]
[WhiteElo "2543"]
[BlackElo "2572"]

1.Nf3 Nf6 2.c4 b6 3.g3 c5 4.Bg2 Bb7 5.O-O g6 6.Nc3 Bg7 7.d4 cxd4 8.Qxd4 d6
9.Be3 Nbd7 10.Rac1 Rc8 11.b3 O-O 12.Qh4 a6 13.Rfd1 Rc7 14.Ne1 Qb8  1/2-1/2

[Event "72nd ch-ARG"]
[Site "Pinamar ARG"]
[Date "2002.03.20"]
[Round "13"]
[White "Slipak,S"]
[Black "Giardelli,S"]
[Result "1/2-1/2"]
[WhiteElo "2498"]
[BlackElo "2428"]

1.Nf3 Nf6 2.c4 c5 3.g3 b6 4.Bg2 Bb7 5.O-O g6 6.b3 Bg7 7.Bb2 O-O 8.Nc3 Nc6
9.e3 e6 10.Qe2 d5 11.d3 dxc4 12.dxc4 a6 13.Rfd1 Qc7 14.Rd2 Rfd8 15.Rad1 Rxd2
16.Rxd2 Rd8 17.Rxd8+ Qxd8 18.Qd1 Qxd1+ 19.Nxd1  1/2-1/2

[Event "Supercom Cup"]
[Site "Bucharest ROM"]
[Date "2002.03.25"]
[Round "8"]
[White "Tikhomirov,S"]
[Black "Ionescu,Co"]
[Result "1/2-1/2"]
[WhiteElo "2326"]
[BlackElo "2481"]

1.c4 c5 2.Nf3 Nf6 3.g3 b6 4.Bg2 Bb7 5.O-O g6 6.a3 Bg7 7.b4 d6 8.Bb2 O-O 9.d3 Nbd7
10.Nbd2 Qc7 11.e4 Ne8 12.d4 cxd4 13.Nxd4 a6 14.Qb3 Nef6 15.Rfe1 Rfe8 16.Nc2 e6
17.Ne3 Rac8 18.Rac1 Qb8 19.Ba1 Ba8 20.Qd3 Red8 21.Qe2 h5 22.f4  1/2-1/2

[Event "New White Plus GM open"]
[Site "Dhaka BAN"]
[Date "2002.04.02"]
[Round "4"]
[White "Fominyh,A"]
[Black "Rahman,Zia"]
[Result "1/2-1/2"]
[WhiteElo "2536"]
[BlackElo "2510"]

1.Nf3 Nf6 2.c4 b6 3.g3 c5 4.Bg2 Bb7 5.O-O g6 6.b3 Bg7 7.Bb2 O-O 8.d4 cxd4
9.Qxd4 d6 10.Nc3 Nbd7 11.Qd2 Rc8 12.Rac1 a6 13.Rfe1 b5 14.cxb5 axb5 15.Nxb5 Ne4
16.Rxc8 Qxc8 17.Qc1 Bxb2 18.Qxb2 Qc5 19.Nbd4 e5 20.Nd2 Nxd2 21.Bxb7 Qxd4
22.Qxd4 exd4 23.Rd1 Nc5 24.Bg2 Nde4 25.Rxd4 Nc3 26.Rxd6 Nxa2 27.Bd5 Nb4 28.Bc4 Rb8
29.f3 Kf8 30.Rf6 Rb7 31.Kf2 Kg7 32.Rd6 Na2 33.e4 Nc1 34.Bd5 Rc7 35.Rb6 Nd7
36.Rb5 Ne5 37.Ke3 h5 38.f4 Ng4+ 39.Kd2 Nxh2 40.Bc4 Na2 41.Kc2 Nf1 42.Kb2 Nd2
43.Kxa2 Nxc4 44.bxc4 Rxc4 45.e5 Rc2+ 46.Kb1 Rc3 47.Rb7 Kf8 48.Rb8+ Ke7 49.Rb7+ Ke6
50.Rb6+ Kd5 51.Rd6+ Ke4 52.e6 fxe6 53.Rxe6+ Kf5 54.Re5+ Kf6 55.Rg5 Rc4 56.Rb5 Rc3
57.Rg5 Rf3 58.Kc2 h4 59.gxh4 Rxf4 60.Kd3 Rxh4 61.Rg1 Rf4 62.Ke3 g5 63.Ra1 Kf5
64.Rb1 Kg4 65.Rg1+ Kh5 66.Rh1+ Kg6 67.Ra1 Kh5 68.Rh1+ Rh4 69.Rg1 Rh2 70.Kf3 Kh4
71.Rg4+  1/2-1/2

[Event "TCh-CZE 2001-2"]
[Site "CZE"]
[Date "2002.04.06"]
[Round "10"]
[White "Pribyl,Jo"]
[Black "Stohl,I"]
[Result "1/2-1/2"]
[WhiteElo "2415"]
[BlackElo "2539"]

1.c4 Nf6 2.Nf3 b6 3.g3 c5 4.Bg2 Bb7 5.O-O g6 6.b3 Bg7 7.Bb2 O-O 8.Nc3 Na6
9.d4 d5 10.cxd5 cxd4 11.Nxd4 Nxd5 12.Rc1 Nxc3 13.Bxc3 Bxg2 14.Kxg2 Rc8 15.Nb5 Bxc3
16.Rxc3 Rxc3 17.Nxc3 Nb4 18.Qxd8 Rxd8 19.a3 Nc2 20.Nb1 Kf8 21.Rc1 Nd4 22.Rc7 Nxe2
23.a4 Rd3 24.Rxa7 Rxb3 25.Nd2 Rb4 26.Nf3 Nc3 27.a5 bxa5 28.Rxa5 Rb2 29.Ne5 Nd1
30.Nd3 Rd2 31.Ra3 Ne3+ 32.Kf3 Nc4 33.Ra8+ Kg7 34.Nf4 e5 35.Nh3 f5 36.Ra4 Rc2
37.g4 Rc3+ 38.Kg2 f4 39.Ng5 h6 40.Ra7+ Kg8 41.Ra8+ Kg7 42.Ra7+ Kg8 43.Ra8+  1/2-1/2

[Event "XX Open"]
[Site "Metz FRA"]
[Date "2002.04.15"]
[Round "3"]
[White "Nezar,M"]
[Black "Jaracz,P"]
[Result "1/2-1/2"]
[WhiteElo "2380"]
[BlackElo "2513"]

1.Nf3 Nf6 2.c4 b6 3.g3 c5 4.Bg2 Bb7 5.O-O g6 6.Nc3 Bg7 7.Re1 Nc6 8.d4 Nxd4
9.Nxd4 Bxg2 10.Kxg2 cxd4 11.Qxd4 O-O 12.Bg5 h6 13.Bd2 Rc8 14.Rac1 Rc5 15.Qd3 d5
16.cxd5 Nxd5 17.Na4 Rxc1 18.Rxc1 Qa8 19.Qf3 Rd8  1/2-1/2

[Event "XX Open"]
[Site "Metz FRA"]
[Date "2002.04.21"]
[Round "9"]
[White "Plachetka,J"]
[Black "Pimenta,A"]
[Result "1-0"]
[WhiteElo "2422"]
[BlackElo "2129"]

1.Nf3 Nf6 2.c4 c5 3.g3 b6 4.Bg2 Bb7 5.O-O g6 6.Nc3 Bg7 7.d4 cxd4 8.Qxd4 d6
9.Rd1 Nbd7 10.Be3 O-O 11.Qh4 Rc8 12.Rac1 a6 13.b3 Re8 14.Bh6 Rc5 15.Bxg7 Kxg7
16.Qd4 Kg8 17.Nd2 Bxg2 18.Kxg2 Qa8+ 19.e4 Qb7 20.b4 Rcc8 21.a3 h5 22.Nf1 Ne5
23.Ne3 Nc6 24.Qd3 Ne5 25.Qd4 Nc6 26.Qd2 Ne5 27.Ncd5 Nxe4 28.Qd4 Nf6 29.Qxb6 Qxb6
30.Nxb6 Rc7 31.a4 Rb8 32.a5 Kf8 33.b5 Ned7 34.Ned5 Nxd5 35.Nxd5 Rc5 36.bxa6 Rxa5
37.Ra1 Rxa1 38.Rxa1 Ra8 39.a7 Kg7 40.Nc7 Rc8 41.a8=Q  1-0

[Event "VIII Leonardo di Bona Open"]
[Site "Cutro ITA"]
[Date "2002.04.24"]
[Round "1"]
[White "Contin,D"]
[Black "Roeder,M"]
[Result "1/2-1/2"]
[WhiteElo "2338"]
[BlackElo "2487"]

1.c4 Nf6 2.Nf3 b6 3.g3 c5 4.Bg2 Bb7 5.O-O g6 6.Nc3 Bg7 7.d4 cxd4 8.Qxd4 Nc6
9.Qf4 Na5 10.b3 d5 11.Ne5 O-O 12.Nxd5 Bxd5 13.cxd5 Nxd5 14.Qe4 Nc3 15.Qxa8 Qxa8
16.Bxa8 Bxe5 17.Bf3 Nxe2+ 18.Bxe2 Bxa1 19.Bf4 Bb2 20.Rd1 Nc6 21.Rd7 Rd8 22.Rc7 Nd4
23.Rxe7 Ba3 24.Re4 Nxe2+ 25.Rxe2  1/2-1/2

[Event "TUR-BUL Chess Summit"]
[Site "Istanbul TUR"]
[Date "2002.04.27"]
[Round "6"]
[White "Radulov,I"]
[Black "Olcayoz,A"]
[Result "1-0"]
[WhiteElo "2368"]
[BlackElo "2294"]

1.Nf3 Nf6 2.g3 b6 3.Bg2 Bb7 4.O-O c5 5.c4 g6 6.b3 Bg7 7.Bb2 O-O 8.Nc3 d5
9.Nxd5 Nxd5 10.Bxg7 Kxg7 11.cxd5 Qxd5 12.d4 Na6 13.Nh4 Qd7 14.dxc5 Qxd1 15.Rfxd1 Bxg2
16.Kxg2 Nxc5 17.b4 Na6 18.a3 Rfd8 19.Nf3 Nc7 20.Nd4 Rd5 21.e4 Re5 22.f3 Nb5
23.Nc6 Re6 24.Rdc1 a5 25.bxa5 bxa5 26.a4 Nd6 27.Rab1 f5 28.e5 Nf7 29.f4 Ra6
30.Nd4 Reb6 31.Rb5 Nd8 32.Rcc5 Ne6 33.Rxb6 Nxc5  1-0

[Event "TCh-NOR Finals"]
[Site "Oslo NOR"]
[Date "2002.05.12"]
[Round "5"]
[White "Gronn,A"]
[Black "Tisdall,J"]
[Result "1/2-1/2"]
[WhiteElo "2310"]
[BlackElo "2491"]

1.Nf3 c5 2.c4 b6 3.g3 Bb7 4.Bg2 Nf6 5.O-O g6 6.Nc3 Bg7 7.d4 cxd4 8.Qxd4 d6
9.Qh4 h6 10.Ne1 Bxg2 11.Nxg2 Nc6 12.Ne3 Qd7 13.Ncd5 Rc8 14.Rd1 Ne5 15.Rb1 Nxd5
16.cxd5 h5 17.Qe4 h4 18.g4 Bh6 19.g5 Bg7 20.f4 Ng4 21.Nf1 h3 22.Rd3 b5 23.b3 Rc2
24.Rd2 Rxd2 25.Bxd2 Qf5 26.Qxf5 gxf5 27.Rc1 Kd7 28.Be3 Nxe3 29.Nxe3 Bd4 30.Kf2 e5
31.dxe6+ fxe6 32.Kf3 Bc5 33.Nf1 Ba3 34.Rc2 d5 35.Ng3 Bd6 36.e3 Bc7 37.Nh1 Bb6
38.Nf2 Bc7 39.Kg3 Bb6 40.Re2 Ke7 41.Nxh3 Rc8 42.Ng1 Rc3 43.Kf2 e5 44.Nh3 e4
45.Ng1 Kf7 46.Re1 Kg6 47.Re2 b4 48.Re1 Bc5 49.Re2 Bb6 50.Re1 Bc5  1/2-1/2

[Event "9th RUS-chT"]
[Site "Ekaterinburg RUS"]
[Date "2002.05.18"]
[Round "2"]
[White "Hasangatin,R"]
[Black "Gajsin,E"]
[Result "1-0"]
[WhiteElo "2481"]
[BlackElo "2408"]

1.Nf3 Nf6 2.c4 c5 3.g3 b6 4.Bg2 Bb7 5.O-O g6 6.b3 Bg7 7.Bb2 O-O 8.Nc3 d6
9.Rc1 Nbd7 10.e3 a6 11.d4 e6 12.Qe2 b5 13.cxb5 axb5 14.Nxb5 Rxa2 15.Nxd6 Bxf3
16.Bxf3 cxd4 17.Rc8 Qe7 18.Rxf8+ Bxf8 19.Nc4 Nc5 20.exd4 Nxb3 21.Qd3 Na5
22.Bc1 Qb4 23.Ne5 Nb3 24.Nc6 Qb6 25.Be3 Nd5 26.Bxd5 exd5 27.Ne5 Qb4 28.Kg2 Ra1
29.Rxa1 Nxa1 30.Qd1 Nb3 31.Qf3 Qb7 32.Qf6 h5 33.Qd8 Qe7 34.Qxd5  1-0

[Event "ch-CZE"]
[Site "Ostrava CZE"]
[Date "2002.05.25"]
[Round "10"]
[White "Kalod,R"]
[Black "Biolek,R"]
[Result "1/2-1/2"]
[WhiteElo "2472"]
[BlackElo "2446"]

1.Nf3 Nf6 2.c4 b6 3.g3 Bb7 4.Bg2 c5 5.O-O g6 6.Nc3 Bg7 7.d4 O-O 8.d5 d6 9.e4 Na6
10.Re1 Nc7 11.e5 dxe5 12.Nxe5 Nfe8 13.Bf4 Bxe5 14.Bxe5 Nd6 15.Qe2 Bc8 16.Rad1 Bd7
17.b3 a6 18.h4 f6 19.Bf4 Rf7 20.Rd3 Nce8 21.g4 Ra7 22.Rg3 Bc8 23.Bh3 Ng7
24.Re3 Kf8 25.Qd3 Nge8 26.a4 Rb7 27.R3e2 Kg8 28.Kh2 b5 29.axb5 axb5 30.cxb5 Bd7
31.Qe3 Bxb5 32.Rc2 Bd7 33.Nb1 Rb4 34.Nd2 Qb6 35.Rec1 Nb7 36.Rc4 Ned6 37.Rxb4 Qxb4
38.Nc4 Nxc4 39.Rxc4 Qa5 40.b4 Qa2 41.Rc1 c4 42.Bf1 Bb5 43.Kg2 Qa6 44.Qe6 Nd6
45.Kg1 Kg7 46.Rc3 Qa1 47.Rc1 Qd4 48.Be3 Qb2 49.Bf4 c3 50.h5 g5 51.Be3 Bxf1
52.Rxf1 Qxb4 53.Rc1 Qb2 54.Kg2 c2 55.Kh3 Qb3 56.Kh2 Qd3 57.Kg2 h6 58.Re1 Nc4
59.Bc1 Qd1 60.Qe4 Ne5 61.f3 Nd3 62.Re2 Kh8 63.d6 exd6 64.Qa8+ Kg7 65.Re8 Ne1+
66.Kg3 Qxf3+ 67.Qxf3 Nxf3 68.Kxf3 Rc7  1/2-1/2

[Event "FIDE GP"]
[Site "Moscow RUS"]
[Date "2002.06.01"]
[Round "1.2"]
[White "Bareev,E"]
[Black "Sasikiran,K"]
[Result "0-1"]
[WhiteElo "2724"]
[BlackElo "2633"]

1.Nf3 Nf6 2.c4 b6 3.g3 Bb7 4.Bg2 c5 5.O-O g6 6.b3 Bg7 7.Bb2 O-O 8.Nc3 d6
9.e3 Nbd7 10.d4 a6 11.a4 e6 12.Qd2 Qc7 13.Rac1 Rad8 14.d5 exd5 15.cxd5 b5
16.axb5 axb5 17.Nxb5 Qb6 18.Nc3 Qxb3 19.Rfd1 Nb6 20.Rb1 Nc4 21.Qc1 Bc8 22.Nd2 Nxd2
23.Qxd2 Qc4 24.Ba1 Qg4 25.h3 Qh5 26.Ne2 Qh6 27.h4 Bf5 28.Rb6 Ne4 29.Bxg7 Qxg7
30.Qb2 Qxb2 31.Rxb2 Rb8 32.Rdb1 Nxg3 33.Rxb8 Nxe2+ 34.Kf1 Bxb1 35.Rxb1 Nc3
36.Rb6 Rd8 37.Ke1 Na2 38.Kd2 Nb4 39.Kc3 Kf8 40.e4 Ke7 41.f4 Ra8 42.Rb7+ Kf6
43.Rb6 Ra2 44.Bf1 Rf2 45.e5+ Kg7 46.Bc4 Rf3+ 47.Kd2 Rxf4 48.Kc3 dxe5 49.Rb5 Nxd5+
50.Bxd5 Rxh4 51.Rxc5 h5 52.Kd3 Rf4 53.Ke3 f6 54.Rc8 Rd4 55.Rg8+ Kh7 56.Bf7 Rd7
57.Be6 Re7 58.Bd5 f5 59.Rd8 Kh6 60.Rd6 Kg5 61.Bc6 e4 62.Rd1 h4 63.Rg1+ Kf6
64.Kf4 Rg7 65.Rd1 g5+ 66.Ke3 Re7 67.Rd8 Ke5 68.Rd5+ Kf6 69.Rd8 f4+ 70.Ke2 Kf5
71.Bd7+ Ke5 72.Bg4 Ra7 73.Re8+ Kd4 74.Rd8+ Kc5 75.Be6 Ra3 76.Rd5+ Kb6 77.Rxg5 h3
78.Rh5 h2 79.Rxh2 Kc5 80.Rh5+ Kd6 81.Bc4 Rc3 82.Rd5+ Kc6 83.Ba2 Rc2+ 84.Ke1 Rxa2
85.Rd4 Ra1+ 86.Kf2 e3+ 87.Ke2 Ra2+ 88.Ke1 f3  0-1

[Event "ch-SVK"]
[Site "Kaskady SVK"]
[Date "2002.07.01"]
[Round "5"]
[White "Romanishin,O"]
[Black "Plachetka,J"]
[Result "1/2-1/2"]
[WhiteElo "2571"]
[BlackElo "2441"]

1.Nf3 Nf6 2.c4 c5 3.g3 b6 4.Bg2 Bb7 5.O-O g6 6.Nc3 Bg7 7.Re1 d6 8.e4 Nbd7
9.d4 cxd4 10.Nxd4 O-O 11.e5 dxe5 12.Bxb7 exd4 13.Bxa8 dxc3 14.Bg2 Nc5 15.bxc3 Qxd1
16.Rxd1 Nfd7 17.Bg5 e6 18.Rac1 Ne5 19.Be7 Rc8 20.Bf1 Na4 21.Rd8+ Rxd8 22.Bxd8 Nc6
23.Bg5 Nxc3 24.Be3 Nxa2 25.Rd1 h5 26.Rd7 Nab4 27.Bg2 Ne5 28.Rc7 Nc2 29.Bf4 Nd3
30.Be4 Nxf4 31.Bxc2 Ne2+ 32.Kf1 Nd4 33.Ba4 Nf5 34.Rxa7 Nd6 35.Rc7  1/2-1/2

[Event "Open Championships"]
[Site "Paris FRA"]
[Date "2002.07.09"]
[Round "4"]
[White "Shchekachev,A"]
[Black "Le Quang,K"]
[Result "1-0"]
[WhiteElo "2546"]
[BlackElo "2330"]

1.Nf3 Nf6 2.c4 b6 3.g3 c5 4.Bg2 Bb7 5.O-O g6 6.d4 cxd4 7.Qxd4 Bg7 8.Nc3 d6
9.Be3 Nbd7 10.Rac1 Rc8 11.b3 O-O 12.Qd2 Re8 13.Rfd1 Nc5 14.Bh3 Rb8 15.Nd4 Nce4
16.Nxe4 Nxe4 17.Qe1 a6 18.f3 Nf6 19.Nc2 Qc7 20.Qd2 Red8 21.Nb4 e6 22.Bf2 Nd7
23.Bg2 Nc5 24.e4 Rbc8 25.Be3 Qe7 26.Bg5 Bf6 27.Bxf6 Qxf6 28.Qe3 a5 29.Nd3 Qe7
30.Nf2 Qc7 31.Rd2 d5 32.cxd5 exd5 33.e5 d4 34.Rxd4 Rxd4 35.Qxd4 Rd8 36.Qe3 Qe7
37.Ng4 h5 38.Nf6+  1-0

[Event "2nd Pentium4"]
[Site "Milan ITA"]
[Date "2002.07.15"]
[Round "7"]
[White "Belotti,B"]
[Black "Borgo,G"]
[Result "1/2-1/2"]
[WhiteElo "2430"]
[BlackElo "2420"]

1.Nf3 c5 2.g3 b6 3.Bg2 Bb7 4.O-O Nf6 5.c4 g6 6.Nc3 Bg7 7.d4 cxd4 8.Qxd4 d6
9.b3 Nbd7 10.Bb2 O-O 11.Nd5 b5 12.Ne3 Qa5 13.Qd2 Qxd2 14.Nxd2 Bxg2 15.Kxg2 bxc4
16.Ndxc4 a5  1/2-1/2

[Event "24th Politiken Cup"]
[Site "Copenhagen DEN"]
[Date "2002.07.20"]
[Round "6"]
[White "Beliavsky,A"]
[Black "Epishin,V"]
[Result "0-1"]
[WhiteElo "2652"]
[BlackElo "2643"]

1.Nf3 Nf6 2.c4 b6 3.g3 c5 4.Bg2 Bb7 5.O-O g6 6.d3 Bg7 7.e4 O-O 8.Nc3 Nc6
9.Bf4 Ne8 10.Qd2 Nd4 11.Bh6 d6 12.Bxg7 Nxg7 13.Qh6 f6 14.h4 Rf7 15.Nxd4 cxd4
16.Ne2 e5 17.f4 Qf8 18.a4 f5 19.exf5 Nxf5 20.Qxf8+ Raxf8 21.Bxb7 Rxb7 22.b4 Re7
23.Ra2 e4 24.dxe4 Rxe4 25.Rd1 Rc8 26.a5 Rxc4 27.axb6 axb6 28.Kf2 h5 29.b5 Kf7
30.Rd3 d5 31.Ng1 Rc3 32.Rad2 Kf6 33.Ne2 Rxd3 34.Rxd3 Ke6 35.Ke1 Kd6 36.Kd2 Kc5
37.Ra3 Nd6 38.Ra8 Nc4+ 39.Kd1 d3 40.Nc3 Re3 41.Rd8 Rxg3  0-1

[Event "KB Czech Open"]
[Site "Pardubice CZE"]
[Date "2002.07.22"]
[Round "4"]
[White "Teske,H"]
[Black "Kunte,A"]
[Result "1/2-1/2"]
[WhiteElo "2529"]
[BlackElo "2477"]

1.Nf3 c5 2.c4 Nf6 3.g3 b6 4.Bg2 Bb7 5.O-O g6 6.b3 Bg7 7.Bb2 d6 8.d4 cxd4
9.Nxd4 Bxg2 10.Kxg2 Qc8 11.Nc3 Qb7+ 12.f3 O-O 13.e4 Nbd7 14.Qd2 a6 15.Rad1 Rfe8
16.Rfe1 Rac8 17.h3  1/2-1/2

[Event "Lost Boys Open"]
[Site "Amsterdam NED"]
[Date "2002.07.29"]
[Round "4"]
[White "Shchekachev,A"]
[Black "Bezemer,A"]
[Result "1-0"]
[WhiteElo "2546"]
[BlackElo "2320"]

1.Nf3 c5 2.c4 Nf6 3.g3 b6 4.Bg2 Bb7 5.O-O g6 6.Nc3 Bg7 7.d4 cxd4 8.Qxd4 d6
9.Be3 Nbd7 10.Rac1 Bxf3 11.exf3 O-O 12.Qd2 Rc8 13.b3 Ne5 14.Rfd1 Qd7 15.Bg5 Rfe8
16.Qe3 Qf5 17.Nb5 Qd7 18.a4 Nc6 19.h4 Qd8 20.Bh3 Rb8 21.Bxf6 Bxf6 22.Qe4 Rc8
23.Bxc8 Qxc8 24.h5 Rd8 25.hxg6 hxg6 26.Kg2 Kg7 27.Rh1 Rh8 28.Rxh8 Kxh8 29.Qf4 Kg7
30.Rh1 Qd7 31.Qe3 Qf5 32.Nxd6 Qc2 33.Qh6+  1-0